Größte Religionen - Statistiken

Allgemein
  • Dieses Quiz wurde 296 mal gespielt
  • Das Durchschnittsergebnis liegt bei 5 aus 10
Antwortstatistiken
Anzahl Religion % Korrekt
31% Christentum
99%
26,5% Islam
96%
0,2% Judentum
92%
15,2% Hinduismus
84%
6,1% Buddhismus
83%
3% Shintoismus
22%
0,4% Sikhismus
10%
14,8% Atheisten
8%
0,1% Bahaitum
6%
0,08% Jainismus
4%
Keine übereinstimmenden Quizze gefunden
Verteilung der Resultate
Anzahl Personen mit jedem Resultat
Perzentil nach korrekt beantworteten Fragen
Ihre Resultats-Entwicklung
Sie haben dieses Quiz noch nicht gespielt